[Event "4th Open"]
[Site "Proville FRA"]
[Date "2007.07.01"]
[Round "7"]
[White "Degraeve,JM"]
[Black "Houriez,C"]
[Result "1-0"]
[WhiteElo "2549"]
[BlackElo "2175"]

1.e4 c5 2.Nf3 d6 3.Bb5+ Bd7 4.Bxd7+ Qxd7 5.O-O Nf6 6.e5 dxe5 7.Nxe5 Qd6 8.Qe2 Nbd7
9.Nc4 Qc7 10.Nc3 e6 11.d3 Be7 12.Qf3 O-O 13.Bf4 Qc8 14.a4 Nb6 15.Nd6 Bxd6
16.Bxd6 Re8 17.Be5 Nbd7 18.Bg3 a6 19.a5 b5 20.axb6 Nxb6 21.Na4 Nfd5 22.Nxb6 Nxb6
23.b3 Rd8 24.Ra5 Nd5 25.Be5 Ra7 26.Rfa1 f6 27.Bf4 Nb4 28.Qe2 h6 29.Be3 Rc7
30.Qd2 Kh7 31.Qc3 Rd5 32.Qc4 Rc6 33.h3 Kg8 34.Rd1 Qd7 35.Ra4 Qd6 36.Rd2 Kh8
37.Re2 Qd7 38.Qh4 Kg8 39.Qg3 Kh7 40.Kh2 Qb7 41.Bc1 Rd7 42.Qg4 Rd4 43.Qf3 Rd7
44.Be3 Qc7+ 45.Qf4 Qxf4+ 46.Bxf4 Kg6 47.Be3 Rb7 48.Kg1 Kf7 49.Kf1 Ke7 50.Ke1 Kd6
51.Kd2 Nd5 52.Re1 Rb4 53.Ra3 f5 54.f3 Nxe3 55.Kxe3 Kc7 56.Rea1 Kb7 57.Kd2 Rd4
58.Re1 Kc7 59.Kc3 Rb4  1-0

[Event "13th Open"]
[Site "Chambery FRA"]
[Date "2007.07.02"]
[Round "6"]
[White "Claverie,C"]
[Black "Linais,L"]
[Result "1-0"]
[WhiteElo "2344"]
[BlackElo "2145"]

1.e4 c5 2.Nf3 d6 3.Bb5+ Bd7 4.Bxd7+ Nxd7 5.O-O Ngf6 6.Re1 e6 7.c4 Be7 8.Nc3 O-O
9.d4 cxd4 10.Nxd4 a6 11.b3 Qc7 12.Bb2 b6 13.Re3 Qb7 14.Qe2 Rfe8 15.Kh1 Bf8
16.Rd1 Rad8 17.f4 e5 18.fxe5 Rxe5 19.Nf5 Re6 20.Nd5 Rde8 21.Qf3 Nxd5 22.cxd5 Rg6
23.Rc1 a5 24.h3 b5 25.Rc6 Nb8 26.Rc1 b4 27.Re2 Nd7 28.Rec2 Nc5 29.e5 dxe5
30.Rxc5 Bxc5 31.Rxc5 Qd7 32.Ne3 Qa7 33.Rc6 e4 34.Qxe4 Kf8 35.Bd4 Qd7 36.Bc5+ Kg8
37.Qf3 Rxc6 38.dxc6 Qd2 39.Nc4 Re1+ 40.Kh2 Re8 41.c7 Qd7 42.Bd6 Rc8 43.Qb7  1-0

[Event "Summer GM"]
[Site "Lugansk UKR"]
[Date "2007.07.02"]
[Round "2"]
[White "Bryzgalin,K"]
[Black "Pilavov,G"]
[Result "1/2-1/2"]
[WhiteElo "2482"]
[BlackElo "2567"]

1.e4 c5 2.Nf3 d6 3.Bb5+ Bd7 4.Bxd7+ Qxd7 5.O-O Nc6 6.b3 Nf6 7.Re1 g6 8.Bb2 Bg7
9.e5 dxe5 10.Nxe5 Nxe5 11.Bxe5 O-O 12.Nc3 Rfe8 13.Qe2 Rad8 14.Rad1 Nd5 15.Bxg7 Kxg7
16.Nxd5 Qxd5 17.Qe5+ Qxe5 18.Rxe5 b6 19.d3  1/2-1/2

[Event "Asian Youth BU16"]
[Site "Tashkent UZB"]
[Date "2007.07.02"]
[Round "5"]
[White "Davletbakov,S"]
[Black "Shyam,N"]
[Result "0-1"]
[WhiteElo "2174"]
[BlackElo "2375"]

1.e4 c5 2.Nf3 d6 3.Bb5+ Bd7 4.Bxd7+ Nxd7 5.O-O Ngf6 6.Re1 e6 7.c3 Be7 8.d4 O-O
9.Bg5 h6 10.Bh4 g5 11.Bg3 Ne8 12.dxc5 Nxc5 13.Nd4 Ng7 14.f3 Rc8 15.Kh1 Qd7
16.a4 e5 17.Ne2 Qe6 18.b4 Nd7 19.Bf2 a6 20.Nd2 d5 21.exd5 Qxd5 22.Nb3 Qe6
23.Qb1 f5 24.b5 Qf7 25.Na5 Bc5 26.Bg1 Bxg1 27.Nxg1 Nf6 28.bxa6 bxa6 29.Rxe5 Qc7
30.Qb3+ Kh8 31.Rae1 Ne4 32.R1xe4 fxe4 33.Qd5 exf3 34.gxf3 Qxc3 35.Nb7 Qc6
36.Nd6 Qxd5 37.Rxd5 Rc2 38.Ne4 Rb8 39.Nf6 Rc6 40.Ne4 Rb2 41.Ng3 Rcc2 42.Nf1 Nh5
43.Rd1 Rxh2+  0-1

[Event "Open A"]
[Site "Klatovy CZE"]
[Date "2007.07.05"]
[Round "6"]
[White "Cuhra,M"]
[Black "Blecha,Mir"]
[Result "1/2-1/2"]
[WhiteElo "2093"]
[BlackElo "2194"]

1.e4 c5 2.Nf3 d6 3.Bb5+ Bd7 4.Bxd7+ Qxd7 5.c4 g6 6.d4 cxd4 7.Nxd4 Bg7 8.O-O Nc6
9.Be3 Nf6 10.Nc3 Ng4 11.Nc2 Nxe3 12.Nxe3 O-O 13.Rc1 Rac8 14.Kh1 Nd4 15.Qd3 Kh8
16.b3  1/2-1/2

[Event "4th GM March"]
[Site "Taiyuan CHN"]
[Date "2007.07.05"]
[Round "2"]
[White "Wang Hao"]
[Black "Cheparinov,I"]
[Result "0-1"]
[WhiteElo "2624"]
[BlackElo "2657"]

1.e4 c5 2.Nf3 d6 3.Bb5+ Nc6 4.O-O Bd7 5.Re1 Nf6 6.c3 a6 7.Bf1 Bg4 8.h3 Bxf3
9.Qxf3 g6 10.d3 Bg7 11.Be3 Nd7 12.Nd2 O-O 13.Qd1 b5 14.a3 Rc8 15.f4 Nb6 16.Nf3 Qd7
17.Bf2 e5 18.fxe5 Nxe5 19.Rc1 Nxf3+ 20.Qxf3 f5 21.Bg3 Bh6 22.Rcd1 fxe4 23.Qxe4 Rce8
24.Qh4 Be3+ 25.Kh1 Rf5 26.Qg4 Nd5 27.h4 Rxf1+  0-1

[Event "Asian Youth BU16"]
[Site "Tashkent UZB"]
[Date "2007.07.05"]
[Round "7"]
[White "Davletbakov,S"]
[Black "Azemati,A"]
[Result "1/2-1/2"]
[WhiteElo "2174"]
[BlackElo "2133"]

1.e4 c5 2.Nf3 d6 3.Bb5+ Bd7 4.Bxd7+ Qxd7 5.O-O Nc6 6.c3 Nf6 7.Re1 e6 8.d4 cxd4
9.cxd4 d5 10.exd5 Nxd5 11.Nc3 Be7 12.Bg5 Bxg5 13.Nxg5 O-O 14.Qd3 g6 15.Qh3 h5
16.Nge4 Kg7 17.Rad1 Rad8 18.Qf3 Nce7 19.Nc5 Qc6 20.N3e4 b6 21.Nd3 Qc7 22.Ng5 Qd6
23.g3 Nf5 24.Ne5 Rc8 25.a3 Nf6 26.Qd3 Rcd8 27.h3 Nh7 28.Nexf7 Rxf7 29.Nxe6+ Kg8
30.Nxd8 Qxd8 31.d5 Nf8 32.d6 Rd7 33.Qd5+ Kh7 34.Qe5 Nxd6 35.Rd3 Qc7 36.Red1 Nf7
37.Qf6 Re7 38.Rf3  1/2-1/2

[Event "ch-IRL"]
[Site "Dublin IRL"]
[Date "2007.07.06"]
[Round "7"]
[White "Fitzsimons,D"]
[Black "Normoyle,L"]
[Result "1/2-1/2"]
[WhiteElo "2133"]
[BlackElo "1757"]

1.e4 c5 2.Nf3 d6 3.Bb5+ Bd7 4.Bxd7+ Qxd7 5.O-O Nc6 6.c3 Nf6 7.d4 Nxe4 8.d5 Ne5
9.Re1 Nf6 10.Nxe5 dxe5 11.Rxe5 O-O-O 12.c4 e6 13.Bg5 Bd6 14.Re1 h6 15.Bxf6 gxf6
16.Nc3 Be5 17.Qf3 Qc7 18.h3 Rhg8 19.Nb5 Qb6 20.a4 a5 21.Qe4 Rge8 22.Kh1 Rd7
23.f4 Bb8 24.Rad1 Red8 25.Re2 f5 26.Qf3 Re8 27.Rde1 Rde7 28.g3 Rg8 29.Kg2 Qd8
30.Kf2 Rg6 31.Qe3 b6 32.Qf3 Qd7 33.Re3 Re8 34.Qe2 Qd8 35.Rd3 e5 36.fxe5 Rxe5
37.Qxe5 Bxe5 38.Rxe5 f4 39.Na7+ Kb8 40.Nb5 fxg3+ 41.Kg2 Qf6 42.Re2 Rg8 43.Rde3 Qf4
44.Re4 Qf5 45.Re7 Rd8 46.Na7 Rd7 47.Nc6+ Kc7 48.R7e4 Qg5 49.Rg4 Qf5 50.Rge4 Qg5
51.Rg4 Qf5  1/2-1/2

[Event "ch-BEL Expert"]
[Site "Namur BEL"]
[Date "2007.07.06"]
[Round "7"]
[White "Saiboulatov,D"]
[Black "Decoster,F"]
[Result "0-1"]
[WhiteElo "2415"]
[BlackElo "2174"]

1.e4 c5 2.Nf3 d6 3.Bb5+ Bd7 4.Bxd7+ Qxd7 5.O-O Nf6 6.Re1 Nc6 7.c3 e6 8.d4 cxd4
9.cxd4 d5 10.e5 Ne4 11.Nbd2 Nxd2 12.Bxd2 Be7 13.Rc1 O-O 14.Rc3 f5 15.exf6 Rxf6
16.a3 h6 17.b4 a6 18.Ne5 Nxe5 19.dxe5 Rf5 20.Rg3 Bh4 21.Rf3 Rxf3 22.gxf3 Qf7
23.Qe2 Rc8 24.Qd3 Rc4 25.f4 Qh5 26.h3 Kf7 27.b5 axb5 28.f5 Qxf5 29.Qxf5+ exf5
30.e6+ Ke8 31.Re5 Bf6 32.Rxf5 Re4 33.Rxd5 Rd4 34.Rxd4 Bxd4 35.Bb4 b6 36.Kf1 Bc5
37.Bc3 g6 38.Bg7 Ke7 39.Bxh6 Bxa3 40.Ke2 Kxe6 41.Kd3 Kf5 42.f3 Bc5 43.Bc1 Ke5
44.Bh6 Kd5 45.Bg7 b4 46.Bf6 Bd6 47.Bd4 b5 48.Bf6 Be5 49.Be7 b3 50.Bd8 b2
51.Kc2 b4 52.Be7 Bc3 53.Bd8 Ke5 54.Bg5 Kf5 55.Be3 Be5 56.Bd2 b3+ 57.Kb1 Bf4
58.Be1 Bc1 59.Bg3 Kg5 60.h4+ Kf5 61.Bc7 Bf4 62.Bb6 Be5 63.Be3 Ke6 64.Bd2 Kd5
65.Bg5 Kc4 66.Bd8 Kd3 67.Bg5 Bd4 68.Bd8 Ke3 69.Be7 Kxf3 70.Bg5 Ke4 71.h5 gxh5
72.Bf6 Be5 73.Bh4 Kf5 74.Bf6 Bf4 75.Bd8 Bg5 76.Bc7  0-1

[Event "Zudov Mem A"]
[Site "Nizhnij Tagil RUS"]
[Date "2007.07.06"]
[Round "1"]
[White "Andreev,Ed UKR"]
[Black "Ogloblin,N"]
[Result "1/2-1/2"]
[WhiteElo "2435"]
[BlackElo "2382"]

1.e4 c5 2.Nf3 d6 3.Bb5+ Bd7 4.Bxd7+ Qxd7 5.O-O Nc6 6.c3 g6 7.Qe2 Bg7 8.Rd1 Nf6
9.d4 cxd4 10.cxd4 O-O 11.Nc3  1/2-1/2

[Event "Asian Youth BU18"]
[Site "Tashkent UZB"]
[Date "2007.07.06"]
[Round "8"]
[White "Toufighi,H"]
[Black "Zhumabayev,R"]
[Result "1/2-1/2"]
[WhiteElo "2365"]
[BlackElo "2425"]

1.e4 c5 2.Nf3 d6 3.Bb5+ Nc6 4.O-O Bd7 5.Re1 Nf6 6.Nc3 e5 7.Nd5 Be7 8.c3 a6
9.Bxc6 Bxc6 10.Nxe7 Qxe7 11.d4 h6 12.b4 cxd4 13.cxd4 Bxe4 14.dxe5 dxe5 15.Bb2 O-O
16.Bxe5 Rad8 17.Qe2 Rfe8 18.a3 Bc6 19.Qc4 Bxf3 20.gxf3 Qe6 21.Qh4 Nh7 22.Re3 Qf5
23.Rae1 Rd3 24.Qg4 Qxg4+ 25.fxg4 Rxe3 26.Rxe3 Ng5 27.Kf1 Nf3 28.Rxf3 Rxe5
29.Rc3 h5 30.Rc8+ Kh7  1/2-1/2

[Event "WGM"]
[Site "Bad Homburg GER"]
[Date "2007.07.07"]
[Round "2"]
[White "Kovalevskaya,E"]
[Black "Peptan,C"]
[Result "1/2-1/2"]
[WhiteElo "2454"]
[BlackElo "2411"]

1.e4 c5 2.Nf3 d6 3.Bb5+ Nd7 4.c3 Nf6 5.Qe2 a6 6.Ba4 e6 7.O-O Be7 8.d4 b5
9.Bc2 cxd4 10.cxd4 Bb7 11.Nc3 b4 12.Na4 Rc8 13.Bd3 Qa5 14.b3 d5 15.e5 Ne4
16.Nd2 Nc3 17.Nxc3 bxc3 18.Nf3 Qb6 19.Be3 O-O 20.Ne1 Nb8 21.Nc2 a5 22.f4 Ba6
23.Rab1 Bxd3 24.Qxd3 Na6 25.a3 Rc6 26.Rf3 Nc7 27.Rh3 g6 28.Bf2 f5 29.Qd1 Rb8
30.Qe1 a4 31.b4 Nb5 32.Ra1 Rbc8 33.Qd1 Rc4 34.Rd3 Qa7 35.h3 Bd8 36.Kh2 Bb6
37.Qg1 Rf8 38.Rad1 Kh8 39.Qe1 Bd8 40.Be3 Qg7 41.Bc1 Qh6 42.Qf2 Rg8 43.Rg1 Bb6
44.Be3 Qf8 45.g4 Rc7 46.Bc1 Rf7 47.Rf3 Qc8 48.Be3 Qc4 49.Qf1 Nxa3 50.Nxa3 Qa2+
51.Rg2 Qxa3 52.Qb5 c2 53.Qxb6 c1=Q 54.Bxc1 Qxf3 55.Qxe6 Rgf8 56.Qd6 fxg4
57.hxg4 Rxf4 58.Bxf4 Qxf4+ 59.Kh1 Qh6+ 60.Kg1 Qe3+ 61.Kh2 Qf4+ 62.Kh1 a3
63.Qa6 Qh6+ 64.Kg1 Qe3+ 65.Kh2 Qf4+ 66.Kh3 Qe4 67.Qd6 Rf3+ 68.Rg3 Rf7 69.Rxa3 Qh1+
70.Kg3 Qg1+ 71.Kh3 Qf1+ 72.Kg3 Qf4+ 73.Kh3 Qf1+ 74.Kg3 Qg1+ 75.Kh3 Qh1+ 76.Kg3 Qe1+
77.Kh3 Qh1+  1/2-1/2

[Event "6th Open"]
[Site "La Fere FRA"]
[Date "2007.07.07"]
[Round "1"]
[White "Riff,JN"]
[Black "Delmont,J"]
[Result "1-0"]
[WhiteElo "2460"]
[BlackElo "2034"]

1.e4 c5 2.Nf3 d6 3.Bb5+ Bd7 4.Bxd7+ Qxd7 5.O-O Nc6 6.c3 e5 7.d4 Nf6 8.Re1 Be7
9.Bg5 Rd8 10.Na3 h6 11.Bh4 Qg4 12.h3 Qd7 13.Nc4 exd4 14.cxd4 cxd4 15.Nxd4 Nxd4
16.Qxd4 O-O 17.Ne3 Nh5 18.Nf5 Bf6 19.Bxf6 Nxf6 20.Nxh6+ gxh6 21.Qxf6 Qe6
22.Qd4 b6 23.Rad1 Rfe8 24.Re3 Qe5 25.Qb4 Qc5 26.Qb3 d5 27.Rc3  1-0

[Event "Canadian Open"]
[Site "Ottawa CAN"]
[Date "2007.07.07"]
[Round "1"]
[White "Sandipan,C"]
[Black "Tayar,J"]
[Result "1-0"]
[WhiteElo "2563"]
[BlackElo "2271"]

1.e4 c5 2.Nf3 d6 3.Bb5+ Nc6 4.O-O Bd7 5.Re1 Nf6 6.c3 a6 7.Bf1 Bg4 8.d3 e6
9.Nbd2 Be7 10.h3 Bh5 11.g4 Bg6 12.Nh4 Nd7 13.Nxg6 hxg6 14.f4 g5 15.f5 Nde5
16.Nf3 Bf6 17.Be3 Qe7 18.a3 g6 19.Nxe5 Bxe5 20.fxg6 fxg6 21.Qd2 Bf4 22.Bxf4 gxf4
23.Qxf4 g5 24.Qe3 e5 25.b4 O-O 26.Be2 Rf4 27.Rf1 Raf8 28.Rad1 b5 29.Rb1 R8f7
30.Rf3 Qf8 31.Rbf1 Kg7 32.Rxf4 exf4 33.Qf2 f3 34.Bd1 Ne5 35.bxc5 dxc5 36.d4 Ng6
37.Qe3 cxd4 38.cxd4 f2+ 39.Kg2 Nh4+ 40.Kh2 Kh6 41.e5 Rf4 42.d5 Qa8 43.Qb6+ Kg7
44.Qc5 Qb8 45.Qe7+ Kh6 46.Bc2 Rf7 47.Qxf7  1-0

[Event "Kaupthing Open"]
[Site "Differdange LUX"]
[Date "2007.07.08"]
[Round "2"]
[White "Penzel,F"]
[Black "Priewasser,J"]
[Result "1/2-1/2"]
[WhiteElo "2210"]
[BlackElo "2022"]

1.e4 c5 2.Nf3 d6 3.Bb5+ Bd7 4.Bxd7+ Qxd7 5.c3 g6 6.d4 cxd4 7.cxd4 Bg7 8.O-O Nc6
9.Nc3 Nf6 10.Be3 O-O 11.h3 b6 12.Qd2 Rac8 13.Bh6 d5 14.Bxg7 Kxg7 15.Ne5 Qe6
16.Nxc6 Rxc6 17.e5 Ne8 18.Rac1 Nc7 19.Qd3 Rc8 20.Ne2 Ne8 21.Nf4 Qd7 22.Ne2  1/2-1/2

[Event "Kaupthing Open"]
[Site "Differdange LUX"]
[Date "2007.07.08"]
[Round "3"]
[White "Lagerman,R"]
[Black "Henrichs,T"]
[Result "0-1"]
[WhiteElo "2315"]
[BlackElo "2496"]

1.e4 c5 2.Nf3 d6 3.Bb5+ Nc6 4.Bxc6+ bxc6 5.d3 e5 6.O-O Be7 7.Nbd2 Nf6 8.Nc4 O-O
9.b3 Ne8 10.Ne3 Nc7 11.Bd2 g6 12.Re1 Bf6 13.Nc4 Bg7 14.b4 Ne6 15.bxc5 Nxc5
16.Bb4 Nb7 17.Rb1 Qc7 18.Qc1 Bg4 19.Nfd2 Rfb8 20.Qa3 Bf8 21.Na5 Nxa5 22.Bxa5 Qd7
23.Rxb8 Rxb8 24.Bb4 Be6 25.Nc4 Rxb4 26.Qxb4 d5 27.Qb8 dxc4 28.dxc4 Qd4 29.h4 Kg7
30.Re3 Bc5 31.Kh2 h5 32.g3 Qa1 33.Rf3 Bg4  0-1

[Event "Canadian Open"]
[Site "Ottawa CAN"]
[Date "2007.07.08"]
[Round "2"]
[White "Tiviakov,S"]
[Black "Gerzhoy,L"]
[Result "1-0"]
[WhiteElo "2648"]
[BlackElo "2407"]

1.e4 c5 2.Nf3 d6 3.Bb5+ Bd7 4.Bxd7+ Qxd7 5.c4 Nc6 6.Nc3 Nf6 7.d4 cxd4 8.Nxd4 Qg4
9.Qxg4 Nxg4 10.Nxc6 bxc6 11.Bf4 g6 12.h3 Nf6 13.e5 dxe5 14.Bxe5 O-O-O 15.Ke2 Bg7
16.Rhd1 Nh5 17.Bxg7 Nxg7 18.Ne4 Ne6 19.Ke3 f5 20.Nc3 g5 21.Ne2 h5 22.b4 h4
23.a4 g4 24.Nf4 Rxd1 25.Rxd1 Rh6 26.f3 Nxf4 27.Kxf4 gxh3 28.gxh3 Rg6 29.Re1 Kd7
30.Re5 Rg3 31.Ra5 Rxh3 32.Rxa7+ Ke6 33.b5 cxb5 34.cxb5 Rh1 35.b6 Rb1 36.a5 Rb4+
37.Ke3 h3 38.Kf2 Rb2+ 39.Kg1 Ke5 40.Rxe7+ Kf4 41.Rg7 Kxf3 42.b7 f4 43.a6 Rb1+
44.Kh2 Rb2+ 45.Kxh3 Rb1 46.Kh4  1-0

[Event "Canadian Open"]
[Site "Ottawa CAN"]
[Date "2007.07.08"]
[Round "3"]
[White "Sandipan,C"]
[Black "Bu Xiangzhi"]
[Result "1/2-1/2"]
[WhiteElo "2563"]
[BlackElo "2685"]

1.e4 c5 2.Nf3 d6 3.Bb5+ Nc6 4.O-O Bd7 5.Re1 Nf6 6.c3 a6 7.Bf1 Bg4 8.d3 e6
9.Nbd2 d5 10.exd5 Nxd5 11.Qa4 Bh5 12.Ne5 Nb6 13.Nxc6 Nxa4 14.Nxd8 Rxd8 15.Ne4 Bg6
16.b3 Nb6 17.Be3 Nd7 18.Bf4 Nf6 19.Nxf6+ gxf6 20.Rad1 Bd6 21.Bxd6 Rxd6 22.f4 Ke7
23.Kf2 Rhd8 24.Ke3 b5 25.Rd2 e5 26.Kf2 Re6 27.g3 Bf5 28.Red1 Bg4 29.Be2 Bxe2
30.Rxe2 e4 31.d4 f5 32.Rc2 Rc6 33.Ke3 cxd4+ 34.Rxd4 Rcd6 35.g4 fxg4 36.Rxd6 Rxd6
37.Kxe4 Rh6 38.Kf5 Rg6 39.c4 bxc4 40.Rxc4 h5 41.b4 h4 42.a4 g3 43.hxg3 hxg3
44.Rc1 g2 45.Rg1 Rg3 46.b5 a5 47.Ke5 Kd7 48.f5 Ke7 49.b6 Kd7 50.Kf6 Kc6 51.Kxf7 Kxb6
52.f6 Kc5  1/2-1/2

[Event "Campeonato Continental Absolut"]
[Site "Cali COL"]
[Date "2007.07.11"]
[Round "2"]
[White "Ripari,M"]
[Black "Kudrin,S"]
[Result "1/2-1/2"]
[WhiteElo "2362"]
[BlackElo "2556"]

1.e4 c5 2.Nf3 d6 3.Bb5+ Bd7 4.Bxd7+ Nxd7 5.O-O e6 6.c3 Ngf6 7.Qe2 Be7 8.d4 cxd4
9.cxd4 d5 10.e5 Ne4 11.Nbd2 Nxd2 12.Bxd2 Qb6 13.Qd3 h6 14.Rfc1 O-O 15.Qb3 Rac8
16.Qxb6 Nxb6 17.Rxc8 Rxc8 18.Rc1 Rxc1+ 19.Bxc1 h5 20.Kf1 Nc4 21.Ke2 Na5 22.Ne1 Nc6
23.Nc2 f6 24.exf6 gxf6 25.f4 Kf7 26.Kf3 Kg6 27.Be3 b5 28.g3 a5 29.h3 f5 30.Bd2 Bf6
31.Be3 a4 32.h4 Kf7 33.Ke2 Ke8 34.Kd3 Kd7 35.Bd2 Kc7 36.b4 axb3 37.axb3 Be7
38.b4 Nd8 39.Be1 Nf7 40.Ke3 Nd6 41.Kd3  1/2-1/2

[Event "New Jersey Futurity"]
[Site "Parsippany USA"]
[Date "2007.07.11"]
[Round "9"]
[White "Yudasin,L"]
[Black "Simutowe,A"]
[Result "1/2-1/2"]
[WhiteElo "2550"]
[BlackElo "2421"]

1.e4 c5 2.Nf3 d6 3.Bb5+ Nc6 4.O-O Bd7 5.Re1 Nf6 6.c3 a6 7.Bf1 e5 8.h3 g6
9.d4 Bg7 10.dxc5 dxc5 11.a4 Qe7 12.Nbd2 Rd8 13.a5 O-O 14.Qc2 h6 15.Qb3 Be6
16.Bc4 Nh5 17.Nf1 Nf4 18.Bxf4 exf4 19.N1d2 g5 20.Bxe6 fxe6 21.Nc4 h5 22.Nh2 Ne5
23.Rad1 Kh7 24.Rxd8 Rxd8 25.Nxe5 Bxe5 26.Rd1 Rxd1+ 27.Qxd1 Kg6 28.Nf3 Bc7
29.Qa4 Qd8 30.Qb3 Qf6 31.Qa4  1/2-1/2

[Event "Inautomarket Open"]
[Site "Minsk BLR"]
[Date "2007.07.12"]
[Round "3"]
[White "Gorovets,A"]
[Black "Tihonov,J"]
[Result "0-1"]
[WhiteElo "2364"]
[BlackElo "2542"]

1.e4 c5 2.Nf3 d6 3.Bb5+ Bd7 4.Bxd7+ Nxd7 5.O-O Ngf6 6.Qe2 e6 7.d3 Be7 8.Ng5 h6
9.Nh3 Ne5 10.f4 Nc6 11.c3 d5 12.Nd2 Qb6 13.Nf2 Qa6 14.e5 Nd7 15.Nf3 g6 16.c4 Nb6
17.b3 O-O-O 18.Bb2 Na8 19.Ng4 Nc7 20.Nf6 dxc4 21.dxc4 Nd5 22.Qe4 Nxf6 23.exf6 Bd6
24.Rfd1 Bc7 25.Be5 Bxe5 26.Nxe5 Nxe5 27.fxe5 Qa5 28.Qe3 h5 29.h4 Qb6 30.Kf2 Rd4
31.Rxd4 cxd4 32.Qd3 Rd8 33.Re1 Qa5 34.Re2 Qa3 35.Rc2 Qc5 36.Re2 a5 37.Kf3 Rd7
38.Re4 Kc7 39.Kf4 Kc6 40.a3 b5 41.Re2 bxc4 42.bxc4 Qb6 43.Qe4+ Kc5 44.Qa8 d3
45.Rb2 Qxb2 46.Qc8+ Kd4 47.Qxd7+ Kc3 48.Qxf7 Qd2+ 49.Kf3 Qe2+ 50.Kg3 Qg4+
51.Kf2 d2  0-1

[Event "Canadian Open"]
[Site "Ottawa CAN"]
[Date "2007.07.12"]
[Round "7"]
[White "Sandipan,C"]
[Black "Kovalyov,A"]
[Result "1-0"]
[WhiteElo "2563"]
[BlackElo "2510"]

1.e4 c5 2.Nf3 d6 3.Bb5+ Bd7 4.Bxd7+ Qxd7 5.c4 Nc6 6.Nc3 Nf6 7.d4 cxd4 8.Nxd4 g6
9.f3 Bg7 10.Nde2 O-O 11.O-O Rac8 12.b3 Qd8 13.Bg5 a6 14.a4 Qa5 15.Bh4 Nd7
16.Be1 Nc5 17.Rb1 Qd8 18.Bh4 Rb8 19.Nd5 Re8 20.b4 Ne6 21.f4 Nc7 22.Qd2 a5
23.b5 Nxd5 24.exd5 Nb4 25.f5 Bf6 26.Rf4 Bxh4 27.Rxh4 e6 28.Qh6 exf5 29.Nd4 Qb6
30.Kh1 Nd3 31.Qxh7+ Kf8 32.Qh6+ Ke7 33.Qe3+  1-0

[Event "ChIP"]
[Site "Paris FRA"]
[Date "2007.07.12"]
[Round "6"]
[White "Delorme,Ax"]
[Black "Brochet,P"]
[Result "0-1"]
[WhiteElo "2317"]
[BlackElo "2396"]

1.e4 c5 2.Nf3 d6 3.Bb5+ Nd7 4.d4 Nf6 5.O-O cxd4 6.Qxd4 g6 7.e5 dxe5 8.Nxe5 Bg7
9.Rd1 O-O 10.Nxd7 Nxd7 11.Qa4 Nc5 12.Rxd8 Rxd8 13.Qf4 Rd1+ 14.Bf1 Ne6 15.Qe3 Bd4
16.Qd2 Rxd2 17.Nxd2 Nc5 18.c3 Bg7 19.Nb3 Na4 20.Bb5 Nxc3 21.bxc3 Bxc3 22.Be3 Bxa1
23.Nxa1 Be6 24.Nb3 a5 25.Kf1 a4 26.Nc1 Ra5 27.Be2 Bd5 28.a3 e5 29.g3 f6 30.h4 Ra8
31.Ke1 Rc8 32.Kd2 Bc4 33.Bxc4+ Rxc4 34.Kd3 b5 35.f3 f5 36.Na2 e4+ 37.fxe4 fxe4+
38.Kd2 Kf7 39.g4 h5 40.gxh5 gxh5 41.Nb4 Ke6 42.Nc2 Ke5 43.Bg5 Rc7 44.Bh6 Rd7+
45.Ke2 Rd3 46.Be3 Kf5 47.Bf2 Kg4 48.Be1 Kh3 49.Bf2 b4 50.axb4 Rb3 51.Kd2 a3
52.Nxa3 Rxa3 53.b5 Kg2 54.Bc5 Rd3+ 55.Ke2 Rd5  0-1

[Event "XXX Open"]
[Site "Barbera del Valles ESP"]
[Date "2007.07.13"]
[Round "8"]
[White "Moreto Quintana,A"]
[Black "Motoc,A"]
[Result "0-1"]
[WhiteElo "2153"]
[BlackElo "2289"]

1.e4 c5 2.Nf3 d6 3.Bb5+ Nc6 4.Bxc6+ bxc6 5.O-O e5 6.c3 f5 7.exf5 Bxf5 8.d4 cxd4
9.cxd4 e4 10.Bg5 Be7 11.Bxe7 Nxe7 12.Nh4 O-O 13.f3 exf3 14.Nxf5 Nxf5 15.Rxf3 Qh4
16.Nc3 Nxd4 17.Rd3 c5 18.b4 Rae8 19.bxc5 Qf2+ 20.Kh1 dxc5 21.Rd2 Qe3 22.Rd3 Qe5
23.h3 Rf2 24.Qg4 Ref8 25.Rg1 Nf3 26.Rxf3 R8xf3 27.Nd1 Rf4 28.Qc8+ Rf8 29.Qb7 Rf1
30.Qb3+ Kh8 31.Ne3 Rxg1+ 32.Kxg1 Qd4 33.Kh2 Qf4+ 34.Kh1 Re8 35.Nc2 h6 36.Qa3 Re2  0-1

[Event "ChIP"]
[Site "Paris FRA"]
[Date "2007.07.13"]
[Round "7"]
[White "Debray,C"]
[Black "Onkoud,A"]
[Result "1-0"]
[WhiteElo "2333"]
[BlackElo "2396"]

1.e4 c5 2.Nf3 d6 3.Bb5+ Nd7 4.d4 cxd4 5.Qxd4 e5 6.Qd3 h6 7.c4 Nf6 8.Nc3 Be7
9.O-O O-O 10.Bxd7 Bxd7 11.Rd1 Qc7 12.a4 a6 13.b3 Be6 14.Ba3 Rfd8 15.Nd2 Nh5
16.Nf1 Nf4 17.Qc2 Bf8 18.Ne3 Qe7 19.Rd2 Qg5 20.Kh1 h5 21.Rad1 h4 22.f3 Nh5
23.Nf1 h3 24.g3 Qf6 25.Rd3 g5 26.Qe2 Qg6 27.Ne3 g4 28.Bxd6 Bxd6 29.Rxd6 Qg5
30.fxg4 Rxd6 31.Rxd6 Nf6 32.Nf5 Bxf5 33.gxf5 Qc1+ 34.Nd1 Qb1 35.Qd3 Qxd3
36.Rxd3 Nxe4 37.g4 Kg7 38.Kg1 Kf6 39.Nf2 Nc5 40.Rd5 Nxb3 41.Ne4+ Kg7 42.Rxe5 Rd8
43.Kf2 Rd3 44.f6+ Kg8 45.Ng5 Rd8 46.Re7 Nc5 47.Nxf7 Rd7 48.Nh6+ Kf8 49.Rxd7 Nxd7
50.g5 Ne5 51.Kg3 Ke8 52.Kxh3 Kd7 53.Kg3 Ke6 54.Ng4 Nxc4 55.g6 Nd6 56.g7 Nf5+
57.Kf4 Nxg7 58.fxg7 Kf7 59.a5  1-0

[Event "XXX Open"]
[Site "Barbera del Valles ESP"]
[Date "2007.07.14"]
[Round "9"]
[White "Ryan,Jo"]
[Black "Perez Mitjans,O"]
[Result "1/2-1/2"]
[WhiteElo "2320"]
[BlackElo "2412"]

1.e4 c5 2.Nf3 d6 3.Bb5+ Nd7 4.d4 cxd4 5.Qxd4 e5 6.Qd3 Be7 7.Nc3 Nf6 8.Bg5 O-O
9.Bxf6 Nxf6 10.Bc4 a6 11.O-O h6 12.a4 Be6 13.Nd5 Rc8 14.Rfd1 Nxd5 15.Bxd5 Bxd5
16.Qxd5 Qb6 17.Ne1 Rc5 18.Qd3 Qc6 19.c3 Rc4 20.f3 Rxa4 21.Rxa4 Qxa4 22.Nc2 Bd8
23.Nb4 Bb6+ 24.Kf1 Bc5 25.Nd5 Qb3 26.Rd2 a5 27.Qc2 Qb5+ 28.Qd3 Qa4 29.Qc2 Qd7
30.b3 Kh8 31.Rd1 Qd8 32.g3 Qg5 33.Kg2 f5 34.exf5 h5 35.h4 Qxf5 36.Qxf5 Rxf5
37.b4 axb4 38.cxb4 Bd4 39.Rc1 e4 40.fxe4 Rf2+ 41.Kh3 Be5 42.Ne7 Kh7 43.Nd5 Rb2
44.Rf1 Kg6 45.Rc1 b5 46.Re1 Kf7 47.Re3 Rc2 48.Ra3 Rc4 49.Ra7+ Kg6 50.Ra5 Rxe4
51.Rxb5 Rg4 52.Nf4+ Bxf4 53.gxf4 Rxf4 54.Rd5 Rxb4 55.Rxd6+ Kf7 56.Rd3 Ke6
57.Rg3 Kf6 58.Rf3+ Kg6 59.Rg3+ Kh6 60.Ra3 Rb5 61.Ra6+ Kh7 62.Rc6 Rf5 63.Ra6 Rf6
64.Ra5 Kh6 65.Rg5  1/2-1/2

[Event "22nd North Sea Cup"]
[Site "Esbjerg DEN"]
[Date "2007.07.14"]
[Round "2"]
[White "Mikkelsen,N"]
[Black "Akdag,D"]
[Result "1-0"]
[WhiteElo "2317"]
[BlackElo "2080"]

1.e4 c5 2.Nf3 d6 3.Bb5+ Bd7 4.Bxd7+ Qxd7 5.c4 Nc6 6.Nc3 g6 7.d4 cxd4 8.Nxd4 Bg7
9.Nde2 Nf6 10.f3 O-O 11.Bg5 a6 12.a4 e6 13.O-O Rfd8 14.Rb1 h6 15.Bh4 Rac8
16.f4 Ne7 17.Qd4 Nfd5 18.Qd3 Nb4 19.Qh3 Rxc4 20.f5 exf5 21.exf5 Nxf5 22.Bxd8 Qxd8
23.Rxf5 gxf5 24.Rf1 d5 25.Qxf5 Qb6+ 26.Kh1 Qe6 27.Qf3 d4 28.Ne4 Rc7 29.Nf4 Qc6
30.Nh5 Qg6 31.Nef6+ Bxf6 32.Nxf6+ Kh8 33.Qf4 Rc8 34.Qxd4 Nc6 35.Qe3 Rd8 36.h3 Qg5
37.Qe4 Qg6 38.Qe3 Qg5 39.Qb3 Rd2 40.Ng4 Ne5 41.Qc3 f6 42.Qc8+ Kg7 43.Qxb7+ Rd7
44.Qc8 Rd2 45.Rc1 Nxg4 46.Rc7+ Kg6 47.Qe8+ Kf5 48.hxg4+ Kxg4 49.Rc4+ Kg3
50.Qe1+ Rf2 51.Qc3+ Rf3 52.Qxf3+  1-0

[Event "ChIP"]
[Site "Paris FRA"]
[Date "2007.07.14"]
[Round "8"]
[White "Delorme,Ax"]
[Black "Brunner,N"]
[Result "1/2-1/2"]
[WhiteElo "2317"]
[BlackElo "2435"]

1.e4 c5 2.Nf3 d6 3.Bb5+ Bd7 4.Bxd7+ Qxd7 5.O-O Nc6 6.Qe2 Nf6 7.Rd1 e6 8.d4 cxd4
9.Nxd4 Rc8 10.b3 Nxd4 11.Rxd4 Qc6 12.Rc4 Qd7 13.Rxc8+ Qxc8 14.c4 Be7 15.Nc3 a6
16.Ba3 Qc7 17.Rd1 O-O 18.e5 dxe5 19.Bxe7 Qxe7 20.Qxe5 Rd8 21.Qe2 Rd7 22.h3  1/2-1/2

[Event "22nd North Sea Cup"]
[Site "Esbjerg DEN"]
[Date "2007.07.15"]
[Round "5"]
[White "Grand,H"]
[Black "Bach,Mat"]
[Result "0-1"]
[WhiteElo "2069"]
[BlackElo "2301"]

1.e4 c5 2.Nf3 d6 3.Bb5+ Bd7 4.Bxd7+ Qxd7 5.O-O Nc6 6.c3 Nf6 7.Re1 g6 8.d4 cxd4
9.cxd4 Bg7 10.Nc3 O-O 11.Qe2 Rac8 12.d5 Na5 13.Be3 Nc4 14.Bd4 Nh5 15.h3 Nf4
16.Qc2 e5 17.dxe6 fxe6 18.Bxg7 Qxg7 19.Nh2 Nxb2 20.Qxb2 Nd3 21.Qd2 Qxc3 22.Qxc3 Rxc3
23.Re3 Rc1+ 24.Rxc1 Nxc1 25.a3 Rc8 26.Kf1 Na2 27.Rb3 b6 28.Rd3 Rc6 29.e5 d5
30.Ng4 Rc3 31.Rd2 Rxa3 32.Rc2 Nc3 33.Nf6+ Kf7 34.g4 h6 35.h4 b5 36.f4 Ra1+
37.Kg2 Ra2  0-1

[Event "Heart of Finland"]
[Site "Jyvaskyla FIN"]
[Date "2007.07.16"]
[Round "1"]
[White "Tocklin,T"]
[Black "Kanep,M"]
[Result "0-1"]
[WhiteElo "1943"]
[BlackElo "2515"]

1.e4 c5 2.Nf3 d6 3.Bb5+ Nd7 4.d4 Nf6 5.Nc3 cxd4 6.Qxd4 e5 7.Qd3 h6 8.Be3 Be7
9.O-O O-O 10.Rad1 Nb6 11.Qd2 Be6 12.b3 Rc8 13.Bd3 a6 14.Nb1 Ng4 15.c4 Nd7
16.Nc3 Nxe3 17.Qxe3 b5 18.Nd5 Bxd5 19.cxd5 Qa5 20.Bb1 Rc3 21.Qd2 Rfc8 22.Rfe1 Bd8
23.Re3 Bb6 24.Rxc3 Qxc3 25.Qxc3 Rxc3 26.Kf1 Nf6 27.h3 Nh5 28.Ng1 Kf8 29.Ne2 Rc5
30.g3 Nf6 31.Rc1 Ke7 32.Kg2 Kd7 33.Kf3 Kc7 34.Bd3 Ba5 35.Ke3 Bb4 36.Rc2 Kb6
37.Rc1 Ba3 38.Rc2 Ka5 39.Kd2 Kb4 40.Nc3 Ka5 41.Ne2 Kb6 42.Ke3 Rxc2 43.Bxc2 Bc5+
44.Kf3 Ka5 45.Nc1 Kb4 46.Nd3+ Kc3 47.Bb1 g6 48.g4 g5  0-1

[Event "ch-USA w"]
[Site "Stillwater USA"]
[Date "2007.07.16"]
[Round "1"]
[White "Airapetian,C"]
[Black "Baginskaite,C"]
[Result "0-1"]
[WhiteElo "2162"]
[BlackElo "2328"]

1.e4 c5 2.Nf3 d6 3.Bb5+ Nc6 4.Bxc6+ bxc6 5.O-O Bg4 6.h3 Bh5 7.Re1 e6 8.c3 Nf6
9.d4 cxd4 10.cxd4 d5 11.Qa4 Bxf3 12.Qxc6+ Nd7 13.gxf3 Rc8 14.Qb7 Rxc1 15.Nc3 Rxa1
16.Rxa1 Bd6 17.Qxa7 O-O 18.Qa6 Bb4 19.Ne2 Qg5+ 20.Kh2 Qd2 21.Rc1 dxe4 22.fxe4 Qxb2
23.Qc4 Nf6 24.f3 h6 25.Kg2 Ra8 26.Rc2 Qa3 27.Nf4 Qe3 28.Qxb4 Qxf4 29.Qd2 Qh4
30.Qf2 Qh5 31.Qg3 Ra5 32.e5 Nd5 33.Kf2 Qf5 34.Rb2 Nf4 35.Rb8+ Kh7 36.Qg4 Rxa2+
37.Ke1 Qc2  0-1